[Event "IECC O-5040"]
[Site "IECC email"]
[Date "2022.06.27"]
[Round "?"]
[White "Hutton, Andrew"]
[Black "Amerine, Dennis"]
[Result "0-1"]
[WhiteElo "1271"]
[BlackElo "1383"]
[PlyCount "62"]
[EventDate "2022.??.??"]
[EventType "swiss (corr)"]
[EventRounds "2"]
[SourceTitle "Corr 2024"]
[Source "ChessBase"]
[SourceDate "2023.10.19"]
[SourceVersion "1"]
[SourceVersionDate "2023.10.19"]
[SourceQuality "1"]
[WhiteTeam "Hongkong"]
[BlackTeam "Vereinigte Staaten"]
[WhiteTeamCountry "HKG"]
[BlackTeamCountry "USA"]

1. d4 f5 2. c4 Nf6 3. g3 g6 4. Bg2 d6 5. Nc3 Bg7 6. d5 0-0 7. Nf3 Nbd7 8. 0-0 Nb6 9. Qd3 e5 10. dxe6 Bxe6 11. b3 Ne4 12. Nd4 Bf7 13. Bxe4 fxe4 14. Qe3 Re8 15. Bb2 Bxc4 16. bxc4 Nxc4 17. Qc1 Bxd4 18. e3 Bg7 19. Rb1 d5 20. Rd1 c6 21. Ba1 Qc7 22. Ne2 Bxa1 23. Rxa1 Rad8 24. Nf4 g5 25. Ne2 Rd6 26. Qc3 Ne5 27. Kg2 Qf7 28. Ng1 Rh6 29. Rf1 Qh5 30. h3 Nf3 31. g4 Qh4 0-1

[Event "IECC CL6-2002.29"]
[Site "IECC email"]
[Date "2002.10.12"]
[Round "?"]
[White "Amerine, Dennis"]
[Black "Tosney, Paul"]
[Result "0-1"]
[WhiteElo "1268"]
[BlackElo "1284"]
[PlyCount "42"]
[EventDate "2002.??.??"]
[EventType "tourn (corr)"]
[EventRounds "4"]
[SourceTitle "Corr 2008"]
[Source "ChessBase"]
[SourceDate "2008.06.24"]
[SourceVersion "1"]
[SourceVersionDate "2008.06.24"]
[SourceQuality "1"]

1. d4 d6 2. c4 g6 3. Nc3 Nf6 4. e4 Bg7 5. f4 0-0 6. Nf3 Bg4 7. Be2 c5 8. dxc5 dxc5 9. Qb3 b6 10. e5 Nh5 11. 0-0 Nc6 12. Rd1 Qc8 13. Qa4 Bh6 14. Nd5 Re8 15. g3 Bd7 16. Qa3 Rd8 17. Nf6+ exf6 18. exf6 Nxf6 19. Be3 Ng4 20. Bd2 Bg7 21. Bd3 Bf5 0-1

[Event "IECC CL6-1998.13"]
[Site "IECC email"]
[Date "1998.10.20"]
[Round "?"]
[White "Amerine, Dennis"]
[Black "Heffington, Blaine"]
[Result "1/2-1/2"]
[WhiteElo "1291"]
[BlackElo "1395"]
[PlyCount "50"]
[EventDate "1998.??.??"]
[EventType "tourn (corr)"]
[EventRounds "4"]
[SourceTitle "Corr 2008"]
[Source "ChessBase"]
[SourceDate "2008.06.24"]
[SourceVersion "1"]
[SourceVersionDate "2008.06.24"]
[SourceQuality "1"]

1. d4 Nf6 2. c4 g6 3. Nc3 d5 4. cxd5 Nxd5 5. e4 Nxc3 6. bxc3 Bg7 7. Bc4 0-0 8. Ne2 c5 9. 0-0 Nc6 10. Be3 Bg4 11. f3 Na5 12. Bxf7+ Rxf7 13. fxg4 Rxf1+ 14. Kxf1 cxd4 15. cxd4 e5 16. d5 Nc4 17. Qb3 Nxe3+ 18. Qxe3 Rc8 19. Qxa7 Bh6 20. Qxb7 Qf6+ 21. Kg1 Be3+ 22. Kh1 Rc2 23. Ng3 Qf2 24. Qb8+ Kg7 25. Qxe5+ Kf7 1/2-1/2

[Event "IECC CL6-1998.13"]
[Site "IECC email"]
[Date "1998.10.20"]
[Round "?"]
[White "Aspelund, Christoph"]
[Black "Amerine, Dennis"]
[Result "1-0"]
[WhiteElo "1069"]
[BlackElo "1312"]
[PlyCount "74"]
[EventDate "1998.??.??"]
[EventType "tourn (corr)"]
[EventRounds "4"]
[SourceTitle "Corr 2008"]
[Source "ChessBase"]
[SourceDate "2008.06.24"]
[SourceVersion "1"]
[SourceVersionDate "2008.06.24"]
[SourceQuality "1"]

1. e4 c6 2. Nf3 d5 3. exd5 cxd5 4. c4 Nf6 5. cxd5 Nxd5 6. Nc3 e6 7. Nxd5 Qxd5 8. Qb3 Qxb3 9. axb3 Bd6 10. d4 Bb4+ 11. Bd2 Bxd2+ 12. Nxd2 0-0 13. Bd3 Nc6 14. Nf3 Rd8 15. Rc1 Nxd4 16. Nxd4 Rxd4 17. Rc3 Bd7 18. 0-0 Rd8 19. h3 Bc6 20. Rd1 g6 21. Rc4 Rxd3 22. Rxd3 Rxd3 23. Rc3 Rd2 24. Kf1 Rxb2 25. Rd3 Bb5 26. Ke1 Bxd3 27. Kd1 a5 28. Kc1 Rxf2 29. Kd1 Rxg2 30. Ke1 b5 31. Kd1 Re2 32. Kc1 f5 33. h4 f4 34. h5 g5 35. h6 f3 36. b4 f2 37. bxa5 f1Q# 1-0